000 00861nam a22002292 4500
001 0000024077
005 20151217145945.0
008 130510s xx 000 0 eng d
020 _a0821372722 :
040 _aKABU
_cKABU
100 1 _aMateru, Peter.
_@0000184033
245 1 0 _aHigher education quality assurance in Sub-Saharan Africa :
_bstatus, challenges, opportunities and promising practices /
_cPeter Materu.
250 _a1st ed.
260 _aWashington, D. C. :
_bWorld Bank,
_c2007.
300 _axxi, 80 p.
650 0 _aEducation, Higher
_zAfrica, Sub-Saharan.
_@0000167226
650 0 _aTotal quality management in higher education
_zAfrica, Sub-Saharan.
_@0000167227
650 0 _aQuality assurance
_zAfrica, Sub-Saharan.
_@0000167228
852 1 _9p1560 KES
908 _a130510
950 _@1
999 _c4480
_d4480